00630nam a2200265Ia 4500008004000000041000800040082001200048100001900060245010000079250000500179260003600184300001100220650001100231650000800242650001300250650000700263650001100270650001600281650001500297650001100312650001700323650001000340650000800350650000600358210210b1949 xxu||||| |||| 00| 0 eng d aeng a320/171 aFINER (Herman) aFuture of government: being a continuation of the theory and practice of modern government Ed 2 a aLondonbMethuen & Co Ltd.c1949 aix,196 atheory athe apractice aof amodern agovernment: agovernment aFuture acontinuation abeing aand aa